000 00881nam a2200241 i 4500
001 bgj
110 2 _aSpecial Publications Division National Geographic Society.
245 0 0 _aAmerica's spectacular Northwest /
_cprepared by the Special Publications Division National Geographic Society ; photographed by Robert W. Madden.
260 _aWashington D. C. :
_bNational Geographic Society,
_c1982.
300 _a199 pp :
_bcol ill. ;
_c26 cm.
504 _aBibliography: p. 197.
505 _aIncludes index.
650 9 _aNorthwest, Pacific
_xDescription and travel
_y1981-
650 9 _aNorthwest, Pacific
_xSocial life and customs
655 _aAddresses, essays, lectures
700 1 _aMADDEN, Robert W.
_ephotographer
020 _a0870443631
040 _cBPK
041 0 _aeng
920 _a0-87044-363-1
942 _cKS
008 s uk f |000 0 eng
999 _c48607
_d48607